LEADER 00604naa a2200145 i 4500 001 000000304241 003 CaOOAMICUS 005 20180831172815.0 008 180831n it u000 u ita u 013 $a12058 040 $aSeMil$bita 100 1 $aFossier, Robert,$d<1927-2012>.$0(OLS)http://semarc/name/3411 245 13$aIl recupero dell'Europa ; Dall'Europa al mondo ; La riconquista dell'uomo. 773 0 $tTempo delle crisi.$kBiblioteca di cultura storica$z88-06-58404-9$gp.[393]-502$w()35234 996 $6245$aIl recupero dell'Europa ; Dall'Europa al mondo ; La riconquista dell'uomo$9(OLS)http://semarc/title/380178 LEADER 00839nam a2200217 i 4500 001 000000108000 003 CaOOAMICUS 005 20170904000000.0 008 170904s2000 it u000 u ita u 013 $a80561 040 $aSeMil$bita 245 12$aI rifugiati nel mondo 2000 :$bcinquant'anni di azione umanitaria. 260 $aRoma :$bUNHCR,$c2000. 300 $aXI, 334 p. :$bill. ;$c25 cm. 650 4$aProfughi - Saggi.$0(OLS)http://semarc/subject/46017 650 4$aRifugiati.$0(OLS)http://semarc/subject/45416 850 $aSeMil 852 $aSeMil$W1$xVenegono$y1$m3W III 226$j64096$B64096$CSeMilBibl$Z2$F219897 $81 961 $aOmaggio: Altro 996 $6245$aI rifugiati nel mondo 2000 :$bcinquant'anni di azione umanitaria$9(OLS)http://semarc/title/407354 996 $6260$aRoma :$bUNHCR$9(OLS)http://semarc/publisher/57044